000 00679nam a2200229Ia 4500
003 IN-BaIIA
008 211028s9999 xx 000 0 eng d
020 _a13-879163-5
040 _cIIA Library
080 _a52
_bMEN
100 _aMenzel, Donald H
_91294
245 0 _aSurvey of the universe
_cDonald H. Menzel, Fred L. Whipple and Gerard De Vaucouleurs
260 _aEnglewood Cliffs
_bPrentice-Hall
_c1970
300 _axvii, 860p.
650 _aAstronomy
_980
650 _aAstronomy and astrophysics thesaurus
650 _aAstrophysics
_9794
650 _aUniverse
_91987
700 _aDe Vaucouleurs, Gerard
_91262
700 _aWhipple, Fred L.
_91290
942 _cBK
999 _c4169
_d4169